000 00873nam a22002537a 4500
999 _c2916
_d2916
001 2595737
005 20170531115401.0
008 970110s1994 rh ab b f000 0 eng
010 _a 96981331
040 _aDLC
_cDLC
042 _alcode
050 0 0 _aMLCS 96/01476 (H)
100 1 _aNdoro, Webber.
_99442
245 1 2 _aA brief guide to the archaeological heritage of Zimbabwe /
_cby Webber Ndoro ; editor, Tsepiso Nare.
260 _a[Harare] :
_bBoard of Trustees, National Museums and Monuments of Zimbabwe,
_c1994.
300 _a21 p. :
_bcol. ill., map ;
_c21 cm.
504 _aIncludes bibliographical references (p. 21).
700 1 _aNare, Tsepiso.
_99443
906 _a7
_bcbc
_corigode
_du
_encip
_f19
_gy-gencatlg
942 _2lcc
_cMONOGRAPH